000
00244nam a2200109 a 4500
005
20140513081051.0
008
020606s19uu xx 00 eng d
050
_a
P 591
_b
LAR
245
_a
Large Cetaceans.
650
_a
Posters
999
_c
116330
_d
116330